| 000 | 01231nam a22002297a 4500 | ||
|---|---|---|---|
| 999 |
_c61901 _d61901 |
||
| 003 | Ge_BSU | ||
| 005 | 20240606110051.0 | ||
| 008 | 240606s2008 ge ||||| |||| 00| 0 geo d | ||
| 020 | _a9994046772 | ||
| 041 | _ageo | ||
| 080 | _a657.2(075.8) ბ-98 | ||
| 245 |
_aბუღალტრული აღრიცხვა : _bთეორია, ფინანსური აღრიცხვა, ბუღალტრული აღრიცხვის საერთაშორისო სტანდარტებით / _cა. ხორავა, ნ. კვატაშიძე, ნ. სრესელი, ზ. გოგრიჭიანი. |
||
| 250 | _aმეოთხე გამოცემა | ||
| 264 |
_aთბილისი : _bმერიდიანი, _c2008. |
||
| 300 |
_a638 გვ.; _b30 სმ. |
||
| 653 | _aბუღალტრული აღრიცხვა | ||
| 700 |
_aხორავა, ა. _eავტორი _914157 |
||
| 700 |
_aკვატაშიძე, ნ. _eავტორი _914156 |
||
| 700 |
_aსრესელი, ნ. _eავტორი _920462 |
||
| 700 |
_aგოგრიჭიანი, ზ. _eავტორი _921040 |
||
| 942 |
_2udc _cᲬᲘᲒᲜᲘ |
||